Odstraňovanie vybraných liečiv na čistiarni odpadových vôd s využitím membránovej separácie
Uložené v:
| Hlavný autor: | |
|---|---|
| Ďalší autori: | |
| Médium: | Rukopis Kniha |
| Jazyk: | Slovak |
| Predmet: | |
| On-line prístup: | http://is.stuba.sk/zp/portal_zp.pl?podrobnosti=103010 |
| Tagy: |
Žiadne tagy, Buďte prvý, kto otaguje tento záznam!
|
MARC
| LEADER | 00000ntm a22000003a 4500 | ||
|---|---|---|---|
| 001 | stuzp46824 | ||
| 003 | SK-STU | ||
| 005 | 20150617230330.7 | ||
| 007 | ta | ||
| 008 | 150427s2015----xo-----f-mn---000-0-slo-d | ||
| 040 | |a STU |b slo | ||
| 041 | 0 | |a slo | |
| 100 | 1 | |a Truchlík, Juraj, |d 1987- |u 046290 |4 aut |U FCHPT Ústav chemického a environmentálneho inžinierstva |T FCHPT Oddelenie environmentálneho inžinierstva |X 68636 |U C6290 |Y 120 |7 A0000068636 | |
| 242 | 0 | 1 | |a Removal of chosen pharmaceutics by wastewater treatment plant equipped with membrane separation |y eng |
| 245 | 1 | 0 | |a Odstraňovanie vybraných liečiv na čistiarni odpadových vôd s využitím membránovej separácie |
| 650 | 4 | |a diklofenak |2 slo | |
| 650 | 4 | |a karbamazepín |2 slo | |
| 650 | 4 | |a cetirizín |2 slo | |
| 650 | 4 | |a membránové bioreaktory |2 slo | |
| 650 | 4 | |a liečivá |2 slo | |
| 650 | 4 | |a ibuprofen |2 slo | |
| 650 | 4 | |a amoxicilín |2 slo | |
| 650 | 4 | |a čistiareň odpadových vôd |2 slo | |
| 650 | 4 | |a mikropolutanty |2 slo | |
| 650 | 4 | |a micro pollutants |2 eng | |
| 650 | 4 | |a diclofenac |2 eng | |
| 650 | 4 | |a amoxicillin |2 eng | |
| 650 | 4 | |a membrane bioreactor |2 eng | |
| 650 | 4 | |a classic activated sludge process |2 eng | |
| 650 | 4 | |a pharmaceutical compounds |2 eng | |
| 650 | 4 | |a ibuprofene |2 eng | |
| 650 | 4 | |a wastewater treatment plant |2 eng | |
| 650 | 4 | |a carbamazepine |2 eng | |
| 650 | 4 | |a cetirizine |2 eng | |
| 700 | 1 | |a Bodík, Igor, |d 1961- |4 ths |X 3340 |7 A000003340 | |
| 856 | 4 | |u http://is.stuba.sk/zp/portal_zp.pl?podrobnosti=103010 | |
| SQL | |a stuzp46824 |b DDP |c SLO |d Odstraňovanie vybraných liečiv na čistiarni odpadových vôd s využitím membránovej separácie |e 68636 |f Truchlík, Juraj |g 046290 |h 3340 |i Bodík, Igor |j 20140609 |k 540 |l 04 |m http://is.stuba.sk/zp/portal_zp.pl?podrobnosti=103010 | ||